00473nam a22001817a 450000500170000001000150001702000260003203500140005803700090007208200120008110000240009324500590011726000460017627000420022230000210026470000030028571000030028820240410164208.0 aENG-140135 c150.00a9788182650183 aEN-123667 bDBAD a615.892 aVenkataraman , Rama aThe Energy Pathways in Our Body/cBy Rama Venkataraman aNew DelhibSrikunj Sadbhavana Manchc1996 bNew DelhiaF- 52 , Bali Nagare110015 a147p.c22cm(pbk)